[Event "World Rapid Women 2021"]
[Site "Warsaw POL"]
[Date "2021.12.28"]
[Round "11.34"]
[White "Wikar, Martyna"]
[Black "Ovod, Evgenija"]
[Result "0-1"]
[WhiteTitle "WFM"]
[BlackTitle "IM"]
[WhiteElo "2168"]
[BlackElo "2366"]
[WhiteFideId "21807663"]
[BlackFideId "4131827"]
[EventDate "2021.12.26"]

1. e4 e5 2. Nf3 Nc6 3. Bc4 Bc5 4. d3 Nf6 5. O-O a6 6. Bb3 Ba7 7. Be3 O-O 8. Bxa7
Rxa7 9. Nbd2 d6 10. c3 Ne7 11. d4 Ng6 12. Re1 Qe7 13. Nc4 Ra8 14. Ne3 Nf4 15.
Bc2 Re8 16. Qd2 Bg4 17. Nxg4 Nxg4 18. h3 Nf6 19. Kh2 Rad8 20. g3 Ng6 21. d5 h6
22. c4 c5 23. a3 b5 24. b3 Rb8 25. Qc3 Qc7 26. Nd2 Nd7 27. Qf3 Nb6 28. Bd3 bxc4
29. Nxc4 Nxc4 30. Bxc4 a5 31. a4 Rb4 32. Qg4 Nf8 33. f4 Nd7 34. Bb5 Nf6 35. Qf3
Re7 36. f5 Qd8 37. h4 h5 38. Bc4 Reb7 39. Rg1 Ng4+ 40. Kh3 Qf6 41. Rac1 Qh6 42.
Qe2 Ne3 43. Rc3 Nxc4 44. bxc4 Rxa4 45. g4 hxg4+ 46. Qxg4 Rab4 47. Rcg3 Rb3 48.
f6 Qxf6 49. Rg2 a4 50. Kh2 Rxg3 51. Qxg3 Rb3 52. Qg4 a3 53. Qc8+ Kh7 54. Qg4
Qf4+ 55. Qxf4 exf4 56. Rg1 a2 57. Ra1 Ra3 58. Kg2 f6 59. Kf2 Kh6 60. Ke2 Kh5 61.
Kf2 Kxh4 62. Rh1+ Rh3 63. Ra1 g5 64. Kg2 Ra3 65. Kf2 g4 0-1

[Event "World Rapid Women 2021"]
[Site "Warsaw POL"]
[Date "2021.12.28"]
[Round "11.35"]
[White "Maltsevskaya, Aleksandra"]
[Black "Loskutova, Viktoriya"]
[Result "1-0"]
[WhiteTitle "IM"]
[BlackTitle "WFM"]
[WhiteElo "2400"]
[BlackElo "2100"]
[WhiteFideId "24174041"]
[BlackFideId "34166278"]
[EventDate "2021.12.26"]

1. Nf3 Nf6 2. g3 d5 3. Bg2 Nbd7 4. c4 e6 5. O-O Nb6 6. b3 dxc4 7. bxc4 Be7 8.
Qc2 c5 9. a4 Nbd7 10. Rd1 O-O 11. Bb2 Nb8 12. d4 Nc6 13. e3 cxd4 14. exd4 Qc7
15. Nbd2 b6 16. Ne4 Bb7 17. d5 Nb4 18. Nxf6+ Bxf6 19. Qb3 Bxb2 20. Qxb2 a5 21.
Rac1 exd5 22. cxd5 Qd7 23. d6 Qxa4 24. Ne5 Bxg2 25. Kxg2 Qb5 26. d7 Qa6 27. Rd4
Qb7+ 28. Kg1 Rad8 29. Ng4 Kh8 30. Rcd1 Qc6 31. Ne5 Qc5 32. Rh4 Qe7 33. Qe2 Qf6
34. Rf4 Qe6 35. Nxf7+ 1-0

[Event "World Rapid Women 2021"]
[Site "Warsaw POL"]
[Date "2021.12.28"]
[Round "11.37"]
[White "Salimova, Nurgyul"]
[Black "Nur-Mukhametova, Alisa"]
[Result "1/2-1/2"]
[WhiteTitle "IM"]
[WhiteElo "2353"]
[BlackElo "2225"]
[WhiteFideId "2915138"]
[BlackFideId "54117739"]
[EventDate "2021.12.26"]

1. d4 Nf6 2. Nc3 d5 3. Bf4 e6 4. Nb5 Na6 5. e3 c6 6. Nc3 Nc7 7. Bd3 Bd6 8. Nf3
O-O 9. O-O b6 10. Bxd6 Qxd6 11. e4 dxe4 12. Nxe4 Nxe4 13. Bxe4 f5 14. Bd3 Bb7
15. Re1 Rad8 16. Qe2 Rfe8 17. Qe5 Qxe5 18. Rxe5 h6 19. h4 Kf7 20. Rae1 Nd5 21.
c4 Nb4 22. Bb1 c5 23. d5 exd5 24. a3 Nc6 25. Rxf5+ Kg8 26. Rxe8+ Rxe8 27. cxd5
Ne7 28. Re5 Bxd5 29. Nh2 Bf7 30. Be4 Kf8 31. Ng4 Rd8 32. Ne3 Rd2 33. b4 cxb4 34.
axb4 Rb2 35. b5 Be8 36. Bd3 Bd7 37. g4 Rb3 38. Bc4 Rb1+ 39. Kh2 Ng6 40. Rd5 Be6
41. Rd8+ Ke7 42. Ra8 Bxc4 43. Rxa7+ Kf6 44. Nxc4 Nxh4 45. Nd6 g5 46. Rb7 Rb2 47.
Rxb6 Rxf2+ 48. Kg1 Rg2+ 49. Kf1 Rxg4 50. Ne4+ Ke5 51. Nf2 Rf4 52. Rxh6 Nf5 53.
Rh8 g4 54. Kg1 Kd6 55. Rd8+ Kc7 56. Rf8 Nd4 57. Rxf4 Ne2+ 1/2-1/2

[Event "World Rapid Women 2021"]
[Site "Warsaw POL"]
[Date "2021.12.28"]
[Round "11.38"]
[White "Smietanska, Wiktoria"]
[Black "Malicka, Maria"]
[Result "1/2-1/2"]
[WhiteTitle "CM"]
[BlackTitle "FM"]
[WhiteElo "1910"]
[BlackElo "2307"]
[WhiteFideId "21869359"]
[BlackFideId "1197576"]
[EventDate "2021.12.26"]

1. c4 e5 2. Nc3 Nf6 3. Nf3 Nc6 4. e4 Bb4 5. d3 d6 6. a3 Bc5 7. b4 Bb6 8. Na4 O-O
9. Nxb6 axb6 10. Bb2 Bg4 11. g3 Nd4 12. Bxd4 exd4 13. Bg2 Re8 14. O-O Qd7 15.
Qd2 c5 16. bxc5 bxc5 17. Rfb1 Ra6 18. Rb3 b6 19. Qb2 Qa7 20. Ne1 Bd7 21. Qa2 Rb8
22. Rab1 Ba4 23. R3b2 Ra5 24. f4 Ng4 25. Bf3 Ne3 26. Ng2 Bd7 27. Rb3 Nxg2 28.
Kxg2 b5 29. Qb2 Qa6 30. f5 f6 31. Kh3 Qb7 32. Bg2 g6 33. g4 Qa6 34. Kg3 g5 1/2-1/2

[Event "World Rapid Women 2021"]
[Site "Warsaw POL"]
[Date "2021.12.28"]
[Round "11.39"]
[White "Rakhmangulova, Anastasiya"]
[Black "Kubicka, Anna"]
[Result "1-0"]
[WhiteTitle "WIM"]
[BlackTitle "WIM"]
[WhiteElo "2174"]
[BlackElo "2266"]
[WhiteFideId "14117479"]
[BlackFideId "1152254"]
[EventDate "2021.12.26"]

1. e4 c5 2. Nf3 d6 3. d4 cxd4 4. Nxd4 Nf6 5. Nc3 a6 6. Bc4 e6 7. Bb3 b5 8. Qe2
Qc7 9. Bg5 Be7 10. O-O-O b4 11. Na4 O-O 12. f4 Bb7 13. e5 dxe5 14. fxe5 Nd5 15.
Bxe7 Nxe7 16. Bxe6 Nbc6 17. Nxc6 Nxc6 18. Bd5 Rae8 19. e6 fxe6 20. Bxe6+ Kh8 21.
Rhf1 Rxf1 22. Qxf1 Ne5 23. Bb3 Be4 24. Qxa6 Bg6 25. Qb6 Qe7 26. Kb1 Ng4 27. Qg1
Qe2 28. Rc1 h6 29. Nb6 Ne3 30. g3 Qd2 31. h4 Rf8 32. Nc4 Nxc4 33. Bxc4 Rf2 34.
Bb3 Kh7 35. g4 Rg2 36. Qc5 Qd8 37. Qxb4 Re2 38. h5 Be4 39. a4 Re3 40. Re1 Qg5
41. Rxe3 Qxe3 42. Bf7 Qf3 43. Qxe4+ Qxe4 44. Bg6+ 1-0

[Event "World Rapid Women 2021"]
[Site "Warsaw POL"]
[Date "2021.12.28"]
[Round "11.40"]
[White "Bartel, Marta"]
[Black "Utiatskaja, Irina"]
[Result "1/2-1/2"]
[WhiteTitle "WGM"]
[BlackTitle "WIM"]
[WhiteElo "2192"]
[BlackElo "2184"]
[WhiteFideId "1123009"]
[BlackFideId "24140848"]
[EventDate "2021.12.26"]

1. d4 Nf6 2. Nf3 g6 3. c4 Bg7 4. Nc3 d5 5. Bg5 Ne4 6. Bh4 Nxc3 7. bxc3 c5 8. e3
cxd4 9. cxd4 Nc6 10. Rc1 O-O 11. cxd5 Qxd5 12. Bc4 Qh5 13. d5 Na5 14. Bxe7 Re8
15. d6 Nxc4 16. Rxc4 Qa5+ 17. Qd2 Qb5 18. Rc1 Bd7 19. Nd4 Qa6 20. f3 Bxd4 21.
Qxd4 Qxa2 22. O-O Qe6 23. Rc7 b5 24. Rfc1 a5 25. e4 a4 26. Ra7 a3 27. Rxa8 Rxa8
28. Bf6 b4 29. Bh8 f6 30. Bxf6 b3 31. Bh8 Qf7 32. Qa1 Be8 33. Rd1 Qa7+ 34. Kh1
b2 35. Bxb2 axb2 36. Qxb2 Qd7 37. e5 Bf7 38. h3 Be6 39. Rc1 Rc8 40. Rxc8+ Qxc8
41. Kh2 Qd7 42. Qb8+ Kg7 43. g4 h5 44. Kg3 g5 45. gxh5 Bxh3 46. h6+ Kh7 47. Qf8
Be6 48. Qf6 g4 49. fxg4 Bxg4 50. Kf4 Be6 51. Kg5 Bh3 52. Qg6+ Kh8 53. Qf6+ Kh7
54. Qg6+ Kh8 55. Qf6+ Kh7 56. Qe7+ Qxe7+ 57. dxe7 Bd7 58. Kf6 Be8 59. Kg5 Bf7
60. Kf6 Be8 61. Kg5 Bf7 62. e6 Be8 63. Kf6 Kxh6 64. Ke5 Kg6 65. Kd6 1/2-1/2

[Event "World Rapid Women 2021"]
[Site "Warsaw POL"]
[Date "2021.12.28"]
[Round "11.41"]
[White "Rudzinska, Michalina"]
[Black "Kazarian, Anna-Maja"]
[Result "0-1"]
[WhiteTitle "WFM"]
[BlackTitle "FM"]
[WhiteElo "2215"]
[BlackElo "2138"]
[WhiteFideId "1172883"]
[BlackFideId "1033689"]
[EventDate "2021.12.26"]

1. e4 e6 2. d4 d5 3. Nd2 Nf6 4. e5 Nfd7 5. Bd3 c5 6. c3 Nc6 7. Ne2 cxd4 8. cxd4
f6 9. exf6 Qxf6 10. Nf3 h6 11. O-O Bd6 12. Ng3 O-O 13. Bc2 Rd8 14. Re1 Nf8 15.
Nh5 Qf7 16. Ne5 Nxe5 17. dxe5 Bc5 18. Nf4 Bd7 19. Qg4 Rac8 20. Bd3 Rc7 21. Rf1
Be8 22. Bd2 Bd4 23. Rae1 Bxb2 24. Bb4 Bc3 25. Bxf8 Bxe1 26. Bd6 Rc1 27. Bg6 Qd7
28. Bxe8 Qxe8 29. Qe2 Rdc8 30. Rxe1 R8c2 31. Qe3 Rxe1+ 32. Qxe1 Qc6 33. Nd3 Qc4
34. Qd1 Rc3 35. Ne1 d4 36. h3 Rc1 37. Qd2 a5 38. Ba3 Ra1 39. Kh2 Rxa2 40. Qxa5
d3 41. Qd8+ Kh7 42. Qxd3+ Qxd3 43. Nxd3 Rxa3 44. Nc5 b5 45. Nxe6 b4 46. Nc5 b3
47. Nd3 Ra2 48. e6 Re2 49. Nc1 b2 50. Nxe2 b1=Q 51. Nf4 Qe4 52. g3 g5 53. Ng2
Qxe6 54. Ne3 Qe4 55. Kg1 h5 56. Kh2 Kg6 57. Ng2 Qf3 58. Kg1 Kf5 59. h4 Qd1+ 60.
Kh2 Qd2 61. Kg1 g4 62. Nf4 Ke4 63. Kg2 Qd1 64. Nxh5 Kd3 65. Nf4+ Kd2 66. h5 Ke1
67. Kg1 Qb1 68. h6 Qh7 69. Ng2+ Ke2 70. Ne3 Qb1+ 71. Kg2 Qb7+ 72. Kg1 Qf3 73. h7
Qxf2+ 74. Kh1 Qf3+ 75. Kh2 Kf2 76. Nd1+ Qxd1 0-1

[Event "World Rapid Women 2021"]
[Site "Warsaw POL"]
[Date "2021.12.28"]
[Round "11.42"]
[White "Kucharska, Honorata"]
[Black "Efimenko, Maria"]
[Result "1/2-1/2"]
[WhiteTitle "WFM"]
[BlackTitle "WIM"]
[WhiteElo "2146"]
[BlackElo "2245"]
[WhiteFideId "1163868"]
[BlackFideId "14124327"]
[EventDate "2021.12.26"]

1. d4 d6 2. e4 g6 3. Nc3 Bg7 4. Be3 a6 5. Qd2 b5 6. f3 Bb7 7. Bd3 Nd7 8. Nh3 c5
9. dxc5 Nxc5 10. O-O Nxd3 11. cxd3 Nf6 12. a4 b4 13. Ne2 a5 14. Nd4 O-O 15. Nb5
Nd7 16. Rac1 Rc8 17. Rxc8 Bxc8 18. d4 Ba6 19. Rc1 Qb8 20. Nc7 Bb7 21. Nf4 Nb6
22. b3 Rc8 23. Ncd5 Nxd5 24. Nxd5 Bxd5 25. exd5 h5 26. Rc6 Kh7 27. Qc2 Re8 28.
Qc4 e6 29. Bf2 Qd8 30. g3 h4 31. gxh4 exd5 32. Qxd5 Re6 33. Kg2 Qf6 34. Rc2 Qf4
35. Qg5 Bh6 36. Qxf4 Bxf4 37. d5 Re5 38. Rc7 Bd2 39. Rxf7+ Kh6 40. Rb7 Rxd5 41.
Rb5 Rd3 42. Rxa5 Rxb3 43. Rb5 Ra3 44. a5 b3 45. Kg3 Bxa5 46. Bd4 Be1+ 47. Kh3
Ra4 1/2-1/2

[Event "World Rapid Women 2021"]
[Site "Warsaw POL"]
[Date "2021.12.28"]
[Round "11.43"]
[White "Jarocka, Liwia"]
[Black "Maisuradze, Nino"]
[Result "0-1"]
[WhiteTitle "FM"]
[BlackTitle "WGM"]
[WhiteElo "2006"]
[BlackElo "2202"]
[WhiteFideId "21807558"]
[BlackFideId "13601717"]
[EventDate "2021.12.26"]

1. Nf3 d5 2. b3 c6 3. Bb2 Bf5 4. e3 Nd7 5. d4 e6 6. Bd3 Bg6 7. O-O Qc7 8. c4 Bd6
9. Nc3 Bxd3 10. Qxd3 Ngf6 11. Rac1 dxc4 12. bxc4 O-O 13. e4 e5 14. c5 Be7 15.
Nxe5 Nxe5 16. dxe5 Qxe5 17. Nd5 Qxb2 18. Nxe7+ Kh8 19. Nf5 Qxa2 20. e5 Nd5 21.
Rc4 Qb2 22. Qg3 g6 23. Nd6 f6 24. e6 Qe5 25. Nf7+ Rxf7 26. Qxe5 fxe5 27. exf7
Kg7 28. Rb1 Rb8 29. Rb3 Kxf7 30. Ra4 b5 31. Rxa7+ Ke6 32. Kf1 b4 33. Ra6 Kd7 34.
Ra7+ Ke6 35. Ra6 Kd7 36. Ra7+ Ke6 37. Rxh7 Rb5 38. g3 Rxc5 39. Rg7 Kf6 40. Rb7
Rc1+ 41. Kg2 c5 42. Rf3+ Ke6 43. Rg7 Ne7 44. Rf8 Rd1 45. Re8 Rd7 46. Rxg6+ Kf7
47. Rxe7+ Kxe7 48. Rc6 Rd5 49. Kf3 Kd7 50. Rb6 Kc7 51. Rb5 Kc6 52. Rb8 Rd7 53.
Ke4 Rd2 54. Kxe5 Re2+ 55. Kf4 Rxf2+ 56. Ke3 Rxh2 57. g4 Kd5 58. Kf3 Kc4 59. g5
Rh1 60. Kf2 Rh5 61. g6 Rg5 62. Rb6 Kc3 63. Ke3 b3 64. Kf4 Rg1 65. Ke5 b2 66. Rb5
c4 67. Kf6 b1=Q 68. Rxb1 Rxb1 69. g7 Rg1 0-1

[Event "World Rapid Women 2021"]
[Site "Warsaw POL"]
[Date "2021.12.28"]
[Round "11.44"]
[White "Sandu, Mihaela"]
[Black "Jakubowska, Anna"]
[Result "1-0"]
[WhiteTitle "WGM"]
[BlackTitle "WIM"]
[WhiteElo "2269"]
[BlackElo "2106"]
[WhiteFideId "1204327"]
[BlackFideId "1121952"]
[EventDate "2021.12.26"]

1. e4 c6 2. d4 d5 3. e5 Bf5 4. Nf3 e6 5. Be2 Nd7 6. O-O Ne7 7. Nbd2 h6 8. a4 g5
9. Ne1 Qc7 10. a5 a6 11. c4 Bg7 12. f4 gxf4 13. Nd3 Bxd3 14. Bxd3 O-O-O 15. Nb3
dxc4 16. Bxc4 Nxe5 17. Bxf4 N7g6 18. Bg3 Qe7 19. Be2 f5 20. Qc2 f4 21. dxe5 fxg3
22. Qxg6 gxh2+ 23. Kh1 Qb4 24. Qxe6+ Kb8 25. Rad1 Rde8 26. Qc4 Qxc4 27. Bxc4
Bxe5 28. Nc5 Bc7 29. Rd7 Ref8 30. Rxf8+ Rxf8 31. Rxc7 Rf5 1-0

[Event "World Rapid Women 2021"]
[Site "Warsaw POL"]
[Date "2021.12.28"]
[Round "11.45"]
[White "Strutinskaia, Galina"]
[Black "Dylag, Emilia"]
[Result "1-0"]
[WhiteTitle "WGM"]
[BlackTitle "WFM"]
[WhiteElo "2142"]
[BlackElo "1956"]
[WhiteFideId "4108558"]
[BlackFideId "21805172"]
[EventDate "2021.12.26"]

1. d4 d5 2. Bf4 Nf6 3. e3 e6 4. Nf3 c5 5. c3 Nc6 6. Nbd2 Be7 7. Bd3 Nh5 8. Bg3
Nxg3 9. hxg3 h6 10. Qe2 a6 11. dxc5 Bxc5 12. e4 O-O 13. a3 Ba7 14. Rd1 b5 15.
Bc2 Qb6 16. Nb3 dxe4 17. Bxe4 f5 18. Bc2 e5 19. O-O e4 20. Nfd4 Ne5 21. Nd2 Bb7
22. Bb3+ Kh7 23. Bc2 Rae8 24. N2b3 Nc4 25. Bb1 Qg6 26. Kh2 Kh8 27. Nc1 f4 28. b3
Nxa3 29. Ba2 fxg3+ 30. fxg3 Bb8 31. Qe3 a5 32. Nce2 Qh5+ 33. Kg1 b4 34. Rxf8+
Rxf8 35. Ne6 Re8 36. Nxg7 Kxg7 37. Rd7+ Kg8 38. Rxb7 Nc2 39. Qb6 Be5 40. Bb1 Ne1
41. Bxe4 Bg7 42. Nf4 Qg4 43. Qg6 Qxg6 44. Bxg6 Rd8 45. cxb4 axb4 46. Rxb4 Bd4+
47. Kh2 Bc3 48. Rb7 Be5 49. Bh7+ Kf8 50. Ng6+ 1-0

[Event "World Rapid Women 2021"]
[Site "Warsaw POL"]
[Date "2021.12.28"]
[Round "11.46"]
[White "Parol, Pola"]
[Black "Alymbai kyzy, Aizhan"]
[Result "1-0"]
[WhiteTitle "WFM"]
[WhiteElo "2067"]
[BlackElo "1889"]
[WhiteFideId "1163116"]
[BlackFideId "13800043"]
[EventDate "2021.12.26"]

1. e4 c6 2. d4 d5 3. Nc3 dxe4 4. Nxe4 Bf5 5. Ng3 Bg6 6. h4 h6 7. Nf3 Nd7 8. h5
Bh7 9. Bd3 Bxd3 10. Qxd3 e6 11. Bd2 Ngf6 12. O-O-O Be7 13. Ne4 Nxe4 14. Qxe4 Nf6
15. Qd3 Qd5 16. c4 Qe4 17. Qb3 O-O 18. Rde1 Qh7 19. Qxb7 Ba3 20. Qb3 Be7 21. Qc2
Ng4 22. Qxh7+ Kxh7 23. Re2 Rfd8 24. Bc3 Bf6 25. Ne5 Bg5+ 26. Kc2 Nxe5 27. dxe5
Rd7 28. g3 Rad8 29. f4 Be7 30. Rd2 Rxd2+ 31. Bxd2 Bc5 32. Rh2 f6 33. Re2 f5 34.
Be3 Bb6 35. c5 Ba5 36. a3 g6 37. b4 Bc7 38. hxg6+ Kxg6 39. a4 a6 40. Rg2 h5 41.
Rd2 Rd5 42. Rxd5 exd5 43. Kc3 Kf7 44. Kd4 Ke6 45. Bf2 Bd8 46. Be1 Kd7 47. b5
cxb5 48. axb5 a5 49. Kxd5 a4 50. c6+ Kc8 51. Bb4 h4 52. gxh4 Bxh4 53. b6 Bd8 54.
b7+ Kb8 55. Bd6+ Bc7 56. Bxc7+ Kxc7 57. Kc4 1-0

[Event "World Rapid Women 2021"]
[Site "Warsaw POL"]
[Date "2021.12.28"]
[Round "11.47"]
[White "Budkiewicz, Magdalena"]
[Black "Heredia Serrano, Carla"]
[Result "1-0"]
[BlackTitle "WGM"]
[WhiteElo "1929"]
[BlackElo "2121"]
[WhiteFideId "1194917"]
[BlackFideId "3603687"]
[EventDate "2021.12.26"]

1. e4 c6 2. d4 d5 3. Nc3 dxe4 4. Nxe4 Bf5 5. Ng3 Bg6 6. h4 h6 7. Nf3 Nd7 8. h5
Bh7 9. Bd3 Bxd3 10. Qxd3 e6 11. Bf4 Qa5+ 12. Bd2 Bb4 13. a3 Bxd2+ 14. Qxd2 Qxd2+
15. Nxd2 Ngf6 16. O-O-O O-O 17. Nge4 Ng4 18. Rdf1 Rac8 19. Nc4 Rfd8 20. f3 Ngf6
21. Ncd6 Rb8 22. c3 Nxe4 23. fxe4 f6 24. Nc4 Nb6 25. Nxb6 axb6 26. Rh3 Rd7 27.
Re3 c5 28. Rd1 Rbd8 29. Red3 Kf7 30. Kc2 c4 31. Rg3 b5 32. Rf1 Kf8 33. Rg6 Rf7
34. Rf3 Kg8 35. Rfg3 Kh7 36. Rf3 Re7 37. Rgg3 Red7 38. Rg6 Re8 39. Kd2 Ree7 40.
Ke3 Rf7 41. Rg4 Rde7 42. Rgf4 Kg8 43. Rg4 Kf8 44. Rg6 Ke8 45. Kf4 Kd7 46. Ke3
Kc7 47. Kf4 Kb6 48. Rgg3 Ka5 49. Ke3 Ka4 50. Rf2 Kb3 51. Rgf3 Ka4 52. e5 f5 53.
g4 Kb3 54. Rf4 Re8 55. gxf5 exf5 56. Rg2 Ree7 57. Kf3 Re8 58. Rh4 Ree7 59. Kf4
Re8 60. Rhh2 Ree7 61. d5 Rf8 62. Rg6 Rfe8 63. e6 Rd8 64. Ke5 f4 65. d6 Ree8 66.
d7 Rxd7 67. Kxf4 Rd1 68. Re2 Re7 69. Ke5 Rd3 70. Rgg2 Rd8 71. Rgf2 Rde8 72. Kd6
b6 73. Re5 Ra7 74. e7 Raa8 75. Rxb5+ Ka4 76. Rxb6 Ka5 77. Rc6 Ra7 78. Re2 Kb5
79. Re5+ Ka4 80. Rxc4+ Kb3 81. Rb4+ Kc2 82. Rb6 Kd3 83. Rd5+ Ke4 84. Rb4+ Kf3
85. Rf5+ Kg3 86. Re4 Raa8 87. Kd7 Kh3 88. Ref4 Reb8 89. Rf8 Ra7+ 90. Ke6 Rb6+
91. Kf7 Kg3 92. Re4 Rbb7 93. Rd8 Kf3 94. Re6 Kg4 95. Kf8 Rxb2 96. e8=Q Rf2+ 97.
Kg8 Rf4 98. Qg6+ Kh4 99. Re1 1-0

[Event "World Rapid Women 2021"]
[Site "Warsaw POL"]
[Date "2021.12.28"]
[Round "11.48"]
[White "Katkov, Michelle"]
[Black "Szczotka, Klara"]
[Result "0-1"]
[WhiteTitle "WFM"]
[WhiteElo "2151"]
[BlackElo "1755"]
[WhiteFideId "2816393"]
[BlackFideId "21858845"]
[EventDate "2021.12.26"]

1. e4 c5 2. c3 Nf6 3. e5 Nd5 4. d4 cxd4 5. cxd4 e6 6. Nf3 d6 7. Bc4 Nc6 8. O-O
Be7 9. exd6 Bxd6 10. Nc3 Nxc3 11. bxc3 O-O 12. Bd3 Qc7 13. Qe2 Bd7 14. Re1 Rfe8
15. Qe4 f5 16. Qe2 Rac8 17. Bd2 Na5 18. Rab1 b6 19. Ba6 Rb8 20. c4 Nc6 21. Bc3
Ne7 22. Qb2 Ng6 23. Rbd1 Bc8 24. Bb5 Re7 25. d5 e5 26. Bc6 Bb7 27. Bxb7 Rxb7 28.
g3 Rb8 29. Qe2 Rbe8 30. Ng5 Nf8 31. Qh5 h6 32. Nf3 Qxc4 33. Ba1 Qg4 34. Qxg4
fxg4 35. Nh4 g6 36. Re4 h5 37. Rde1 Kf7 38. Ng2 Nd7 39. Ne3 Nc5 40. Rc4 b5 41.
Rc2 Nd3 42. Rd1 Nb4 43. Rb2 Rb8 44. a3 Na6 45. a4 Nc7 46. Nc4 Rd7 47. Na5 Rb6
48. Nc6 bxa4 49. Rxb6 axb6 50. Bxe5 Bc5 51. d6 Nb5 52. Nb8 Rxd6 53. Bxd6 Nxd6
54. Nd7 Ne4 55. Nxc5 Nxc5 56. Rb1 Nb3 57. h3 gxh3 58. Kh2 b5 59. Rd1 a3 60. Rd7+
Ke6 61. Ra7 b4 62. Ra4 Kd5 63. Kxh3 Kc4 64. Kh4 Nc5 65. Ra5 Ne4 66. f3 Nd2 67.
f4 Nf3+ 68. Kh3 Kb3 69. Kg2 Nd4 70. Ra6 a2 71. Kf2 Kb2 72. Ra4 a1=Q 73. Rxb4+
Kc3 0-1

[Event "World Rapid Women 2021"]
[Site "Warsaw POL"]
[Date "2021.12.28"]
[Round "11.49"]
[White "Brambilla, Renee Blandy T."]
[Black "Gaboyan, Susanna"]
[Result "0-1"]
[BlackTitle "WIM"]
[WhiteElo "1536"]
[BlackElo "2254"]
[WhiteFideId "2115085"]
[BlackFideId "13303627"]
[EventDate "2021.12.26"]

1. d4 Nf6 2. c4 g6 3. Nc3 d5 4. Nf3 Bg7 5. cxd5 Nxd5 6. e4 Nxc3 7. bxc3 c5 8.
Be3 Nc6 9. Bc4 O-O 10. O-O Bg4 11. d5 Ne5 12. Be2 Nxf3+ 13. Bxf3 Bxf3 14. Qxf3
Qa5 15. Bd2 c4 16. Rfe1 Rfd8 17. Qd1 e6 18. Qc1 exd5 19. e5 Qc7 20. Bg5 Re8 21.
Bf6 Bxf6 22. exf6 Qd6 23. Rb1 Qxf6 24. Rxb7 d4 25. cxd4 Qxd4 26. h3 Rac8 27. Rd1
Qf6 28. Rxa7 Re2 29. Rf1 c3 30. f3 Qd4+ 31. Kh1 Qxa7 0-1

[Event "World Rapid Women 2021"]
[Site "Warsaw POL"]
[Date "2021.12.28"]
[Round "11.50"]
[White "Hryzlova, Sofiia"]
[Black "Da Silva, Cibele Florencio"]
[Result "1-0"]
[WhiteTitle "WCM"]
[WhiteElo "2097"]
[BlackElo "1405"]
[WhiteFideId "14174669"]
[BlackFideId "2116901"]
[EventDate "2021.12.26"]

1. d4 d5 2. Nf3 Nc6 3. g3 Nf6 4. Bg2 Bg4 5. O-O Qc8 6. c4 Bh3 7. cxd5 Nxd5 8. e4
Nf6 9. d5 Nd8 10. e5 Nh5 11. Bxh3 Qxh3 12. Ng5 Qf5 13. Qxh5 g6 14. Qf3 Qxf3 15.
Nxf3 c6 16. Nc3 cxd5 17. Nxd5 Ne6 18. Ng5 Rc8 19. Be3 Nxg5 20. Bxg5 Rc5 21. Rfd1
f6 22. exf6 exf6 23. Nxf6+ Kf7 24. Rd7+ Be7 25. Nd5 Ke6 26. Bxe7 Rxd5 27. Rxd5
Kxd5 28. Rc1 Re8 29. Rc7 Ke6 30. Bg5 h5 31. Rxb7 Kf5 32. Be3 a6 33. b4 Kg4 34.
Kg2 Re6 35. Rf7 h4 36. h3+ Kh5 37. g4# 1-0